Statistiques concernant 3e déclinaison masculins/féminin parisyllabiques Latin.

Cliquez ici pour prendre le quiz!

Statistiques générales

  • Ce quiz a été pris 252 fois
  • Le résultat moyen est 11 sur 12

Statistiques - réponses

CasRadicalTerminaisons% Correct
Nominatif singulierciv...-is
100%
Vocatif singulierciv...-is
100%
Ablatif singulierciv...-e
97%
Accusatif singulierciv...-em
97%
Datif singulierciv...-i
97%
Génitif singulierciv...-is
97%
Nominatif plurielciv...-es
93%
Vocatif plurielciv...-es
93%
Datif plurielciv...-ibus
93%
Ablatif plurielciv...-ibus
93%
Accusatif plurielciv...-es
90%
Génitif plurielciv...-ium
84%

Distribution des résultats

Percentile par nombre de réponses

% des personnes avec chaque résultat

Votre développement - résultats

Vous n’avez pas pris ce quiz